| 000 | 00510nam a2200181Ia 4500 | ||
|---|---|---|---|
| 003 | OSt | ||
| 005 | 20230822114508.0 | ||
| 008 | 221221s9999 xx 000 0 und d | ||
| 020 | _a0131495380 | ||
| 040 | _cChuka University Library | ||
| 050 |
_aHF 5686 _b.H6 2005 |
||
| 100 |
_aHorngren, C.T. _92796 |
||
| 245 | 0 | _aCost Accounting: A Managerial Emphasis | |
| 260 |
_aNew York _bPearson Prentice Hall Pub. _c2005 |
||
| 300 |
_a867p _bColour illustrations |
||
| 650 |
_aCost accounting _99548 |
||
| 942 |
_cBK _2lcc |
||
| 999 |
_c3719 _d3719 |
||